|
|
|
|
| LEADER |
00900nam a22002412i 4500 |
| 001 |
001523043 |
| 003 |
CZ BrMZK |
| 005 |
20160428140255.0 |
| 007 |
ta |
| 008 |
160428s1938 gw af er|||||||||||ger d |
| 040 |
|
|
|a BOA001
|b cze
|e rda
|
| 245 |
0 |
4 |
|a Die Welt des Buches :
|b eine Kunde vom Buch /
|c herausgegeben von Hellmuth Langenbucher
|
| 264 |
|
1 |
|a Ebenhausen bei München :
|b Wilhelm Langewiesche-Brandt,
|c [1938]
|
| 300 |
|
|
|a 240 stran, 1 obrazová příloha :
|b ilustrace
|
| 336 |
|
|
|a text
|b txt
|2 rdacontent
|
| 337 |
|
|
|a bez média
|b n
|2 rdamedia
|
| 338 |
|
|
|a svazek
|b nc
|2 rdacarrier
|
| 700 |
1 |
|
|a Langenbucher, Hellmuth
|4 edt
|
| 910 |
|
|
|a BOA001
|b Kv-0148.060
|
| 990 |
|
|
|a BK
|
| 991 |
|
|
|b 201604
|
| 996 |
6 |
|
|b 2618818956
|c Kv-0148.060
|l MZK
|r Sklad / do 1 hodiny
|n 0
|w 001558387
|u 000020
|a 1
|e BOA001
|j MZK50
|s P
|
| 996 |
6 |
|
|b 2619466301
|c Kv-0148.060
|l MZK
|r Sklad / do 1 hodiny
|n 0
|w 001558387
|u 000010
|a 1
|e BOA001
|j MZK50
|s P
|